Hybrid electric vehicles : principles and applications with practical perspectives (Record no. 11685)

000 -LEADER
fixed length control field 01041cam a22002774a 4500
001 - CONTROL NUMBER
control field 16660436
005 - DATE AND TIME OF LATEST TRANSACTION
control field 20170105102346.0
008 - FIXED-LENGTH DATA ELEMENTS--GENERAL INFORMATION
fixed length control field 110219s2011 enka b 001 0 eng
010 ## - LIBRARY OF CONGRESS CONTROL NUMBER
LC control number 2011002521
020 ## - INTERNATIONAL STANDARD BOOK NUMBER
International Standard Book Number 9780470747735 (cloth)
040 ## - CATALOGING SOURCE
Original cataloging agency DLC
Transcribing agency DLC
Modifying agency DLC
042 ## - AUTHENTICATION CODE
Authentication code pcc
050 00 - LIBRARY OF CONGRESS CALL NUMBER
Classification number TL221.15
Item number .M545 2011
082 00 - DEWEY DECIMAL CLASSIFICATION NUMBER
Classification number 629.2293
Edition number 22
100 1# - MAIN ENTRY--PERSONAL NAME
Personal name Mi, Chris.
245 10 - TITLE STATEMENT
Title Hybrid electric vehicles : principles and applications with practical perspectives
Remainder of title principles and applications with practical perspectives
Statement of responsibility, etc. Chris Mi, Abul Masrur, David Wenzhong Gao.
260 ## - PUBLICATION, DISTRIBUTION, ETC.
Place of publication, distribution, etc. Chichester, West Sussex, U.K. ;
-- Hoboken, N.J. :
Name of publisher, distributor, etc. Wiley,
Date of publication, distribution, etc. c2011.
300 ## - PHYSICAL DESCRIPTION
Extent xix, 448 p. :
Other physical details ill. ;
Dimensions 25 cm.
504 ## - BIBLIOGRAPHY, ETC. NOTE
Bibliography, etc. note Includes bibliographical references and index.
650 #0 - SUBJECT ADDED ENTRY--TOPICAL TERM
Topical term or geographic name entry element Hybrid electric vehicles.
700 1# - ADDED ENTRY--PERSONAL NAME
Personal name Masrur, Abul.
700 1# - ADDED ENTRY--PERSONAL NAME
Personal name Gao, David Wenzhong.
906 ## - LOCAL DATA ELEMENT F, LDF (RLIN)
a 7
b cbc
c orignew
d 1
e ecip
f 20
g y-gencatlg
942 ## - ADDED ENTRY ELEMENTS (KOHA)
Source of classification or shelving scheme
Koha item type Book
Holdings
Withdrawn status Lost status Damaged status Not for loan Collection code Permanent Location Current Location Shelving location Date acquired Source of acquisition Cost, normal purchase price Total Checkouts Total Renewals Full call number Barcode Date last seen Date last checked out Price effective from Koha item type
          Central Library (CL) Central Library (CL) General Stacks 04/09/2013 Multi-Line Books 7799.72 3 3 629.2293 MIC SEECS012205 10/03/2022 02/24/2021 01/05/2017 Book
© 2023 Central Library, National University of Sciences and Technology. All Rights Reserved.